| 000 | 00401nam a2200145 4500 | ||
|---|---|---|---|
| 999 |
_c9452 _d9452 |
||
| 003 | OSt | ||
| 005 | 20210623110202.0 | ||
| 008 | 210623b ||||| |||| 00| 0 eng d | ||
| 020 | _a9780415787048 | ||
| 082 |
_a720.22 _bHUI |
||
| 100 | _aHui, Vincent | ||
| 245 | _aThe architecture portfolio guidebook : the essentials you need to succeed | ||
| 260 |
_aLondon _bRoutledge _cDecember 6, 2019 |
||
| 942 | _2ddc | ||